000 00818nam a2200241 a 4500
008 951213s1979||||[C 0 slo c
020 _c21 Kčs.
_q(800 výtl.)
040 _aSNK
_bslo
_cSNK
_eAACR2
041 1 _aslo
_hslo
044 _axo
_cSK
080 _a347(437):340.152(37)
080 _a340.152(37)
080 _a340.152(37)
080 _a347(437)
100 1 _aRebro, Karol
_4aut
245 1 0 _aSocialistická spoločnosť a rímskoprávna kultúra
_cKarol Rebro ; Rastislav Majdlen
250 _a1., vyd.
260 _aBratislava
_bVeda
_c1979
_eMartin
_fTlačiarne SNP
300 _a120 s., 8,11 AH
_c21 cm
500 _aLit. 357. Zozn. skr. Rus. a franc. res. 357 zázn. lit. o knihách a čl. v jaz. slov., čes., rus., nem., franc., maď. a poľ.
700 1 _aMajdlen, Rastislav
_4bkd
958 _aA
999 _c15538
_d15538